000 00183 a2200097 4500
020 _a9780316666336
041 _aeng
100 _aFreed, Lynn
245 _aHouse of women
942 _cBK
999 _c10256
_d10256